| 000 | 00537nam a2200145 4500 | ||
|---|---|---|---|
| 001 | 4700 | ||
| 005 | 20181127173943.0 | ||
| 090 | 0 | 0 | _aBBA INT. FIN-803 No.6 |
| 245 | 0 | 0 |
_aProject on operating self business in a foreign country / _b _cStudent Work. _h |
| 260 | 0 | 0 |
_a[Thimphu] : _b[Royal Thimphu College], _c2014. |
| 300 |
_a21 leaves. _b _c _e |
||
| 500 | _aStudent research project for BBA: Internationl Finance- 803 (2014): Dr.Swati Chakraborty, lecturer. | ||
| 500 | 0 | 0 | _aSpiral-bound xerographic copy. |
| 650 |
_aInternational trade. _v _x _y _z _2 |
||
| 999 |
_c3904 _d3904 |
||